| 000 | 01068cam a22002411 4500 | ||
|---|---|---|---|
| 001 | e 34000635 | ||
| 003 | DLC | ||
| 005 | 20260227111225.0 | ||
| 008 | 860710s1934 dcu f000 0 eng | ||
| 010 | _ae 34000635 | ||
| 035 | _a(OCoLC)27412831 | ||
| 040 |
_aDLC _cMdBJ _dDLC |
||
| 042 | _apremarc | ||
| 050 | 0 | 0 |
_aLC173 _b.M25 |
| 100 | 1 |
_aMcNeely, John H. _q(John Hamilton), _d1884-1940. |
|
| 245 | 1 | 0 |
_aSupervision exercised by states over privately controlled institutions of higher education, _cby John H. McNeely, research assistant, Division of higher education, Office of Education ... United States Department of the interior, Harold L. Ickes, secretary. Office of education, George F. Zook, commissioner. |
| 260 |
_aWashington, _bU.S. Govt. print. off., _c1934. |
||
| 300 |
_av, 64 p. _bincl. tables. _c23 cm. |
||
| 410 | 1 | 0 |
_aUnited States. _bOffice of Education. _tBulletin. _v1934, no. 8 |
| 650 | 0 |
_aUniversities and colleges _zUnited States. |
|
| 650 | 0 |
_aEducation and state _zUnited States. |
|
| 650 | 0 |
_aEducational law and legislation _zUnited States. |
|
| 999 |
_c21409 _d21409 |
||